| 000 | 01776cam a2200385 a 4500 | ||
|---|---|---|---|
| 001 | 113939 | ||
| 005 | 20230410115620.0 | ||
| 008 | 090107s2009 mauabf b 001 0 eng | ||
| 035 | _a15577833 | ||
| 010 | _a 2008055621 | ||
| 015 |
_aGBA925236 _2bnb |
||
| 016 | 7 |
_a014926447 _2Uk |
|
| 020 | _a9780674033221 (alk. paper) | ||
| 020 | _a0674033221 (alk. paper) | ||
| 020 | _a9780674057401 | ||
| 020 | _a0674057406 | ||
| 035 | _a(OCoLC)ocn261174096 | ||
| 040 |
_aDLC _cDLC _dBTCTA _dYDXCP _dUKM _dC#P _dBWX _dSGB _dCDX _dDLC |
||
| 043 | _an-us--- | ||
| 050 | 1 | 4 |
_aHF 5429.215 _bM67 2009 |
| 082 | 0 | 0 | _a381 |
| 100 | 1 | _aMoreton, Bethany. | |
| 245 | 1 | 0 |
_aTo serve God and Wal-Mart : _bthe making of Christian free enterprise / _cBethany Moreton. |
| 260 |
_aCambridge, Mass. : _bHarvard University Press, _c2009. |
||
| 300 |
_a372 p., [8] p. of plates : _bill., map ; _c25 cm. |
||
| 504 | _aIncludes bibliographical references (p. 278-349) and index. | ||
| 505 | 0 | _aProlgue: From populists to Wal-Mart moms -- Our fathers' America -- The birth of Wal-Mart -- Wal-Mart country -- The family in the store -- Service work and the service ethos -- Revival in the aisles -- Servants unto servants -- Making Christian businessmen -- Evangelizing for free enterprise -- Students in free enterprise -- "Students changing the world" -- On a mission : the Walton international scholarship program -- Selling free trade -- Epilogue: A perfect storm. | |
| 610 | 2 | 0 | _aWal-Mart (Firm) |
| 650 | 0 |
_aBusiness _xReligious aspects _xChristianity. |
|
| 650 | 0 |
_aFree enterprise _xReligious aspects _xChristianity. |
|
| 650 | 0 |
_aDiscount houses (Retail trade) _zUnited States. |
|
| 650 | 4 | _aPrimera Jornada de Catalogación. | |
| 650 | 4 |
_aNegocios _xAspectos religiosos. |
|
| 942 |
_2lcc _cbk |
||
| 999 |
_c44726 _d44726 |
||